Southville International School and Colleges
Your cart is empty.
  • Cart
  • Lists
    Public lists list_1 View all
    Your lists Log in to create your own lists
  • Log in to your account
  • Your cookies
  • Search history
Southville International School and Colleges
  • Advanced search
  • Recent comments
  • Most popular
  • Libraries

Log in to your account

Log in with GOOGLE


If you do not have an external account, but do have a local account, you can still log in:

  1. Home
  2. MARC view: The pelican brief /
Normal view MARC view ISBD view

The pelican brief / (Record no. 288096)

[ view plain ]
MARC details
000 -LEADER
fixed length control field 00425nam a2200145Ia 4500
008 - FIXED-LENGTH DATA ELEMENTS--GENERAL INFORMATION
fixed length control field 150610s9999 xx 000 0 und d
020 ## - INTERNATIONAL STANDARD BOOK NUMBER
International Standard Book Number 0 440214041
050 ## - LIBRARY OF CONGRESS CALL NUMBER
Classification number PS3557
Item number .R5355 .G887p 1992
100 ## - MAIN ENTRY--PERSONAL NAME
Personal name Grisham, John
245 #4 - TITLE STATEMENT
Title The pelican brief /
Statement of responsibility, etc John Grisham.
260 ## - PUBLICATION, DISTRIBUTION, ETC. (IMPRINT)
Place of publication, distribution, etc New York :
Name of publisher, distributor, etc Island Books,
Date of publication, distribution, etc 1992.
300 ## - PHYSICAL DESCRIPTION
Extent 436pages ;
Dimensions 18 cm.
520 ## - SUMMARY, ETC.
Summary, etc Detective and mystery stories.
650 ## - SUBJECT ADDED ENTRY--TOPICAL TERM
General subdivision Legal stories.
Holdings
Withdrawn status Lost status Damaged status Home library Current library Shelving location Date acquired Total Checkouts Full call number Barcode Date last seen Price effective from Koha item type
      Stonyhurst Southville International School (Batangas) Stonyhurst Southville International School (Batangas)   06/10/2015    PS3557.R5355 .G887p 1992 US-2071 06/10/2015 06/10/2015 Books

The pelican brief /

APA

Grisham J., . (1992). The pelican brief. New York: Island Books.

Chicago

Grisham John, . 1992. The pelican brief. New York: Island Books.

Harvard

Grisham J., . (1992). The pelican brief. New York: Island Books.

MLA

Grisham John, . The pelican brief. New York: Island Books. 1992.

  • Place hold
  • Print
  • Cite
  • Add to your cart (remove)
  • Save record
    BIBTEX Dublin Core MARCXML MARC (non-Unicode/MARC-8) MARC (Unicode/UTF-8) MARC (Unicode/UTF-8, Standard) MODS (XML) RIS
  • More searches
    Search for this title in:
    Other Libraries (WorldCat) Other Databases (Google Scholar) Online Stores (Bookfinder.com) Open Library (openlibrary.org)

Exporting to Dublin Core...

SOUTHVILLE LIBRARY

Southville International School and Colleges Library

1281 Tropical Ave. Cor. Luxembourg St., BF Homes International, Las Pinas City

Tel. No. 8256374 / 252358 Loc. 117/146

Powered by Koha